000 00588nam 22001933 4500
001 200891
090 _a200891
100 _a20260302d u||y0pory50 ba
200 _aPassage de Milan
_fMichel Butor
210 _aParis
_cLés éditions de minuit
_dcop.1954
215 _a286 p.
_cbrochado
_d19 cm
317 _a. - Oferta com dedicatória da escritora ao Prof. Dr. Almeida Faria
606 _97
_aLiteratura Francesa
610 _aEm língua francesa
675 _a821.133.1-3
_vFR
_zfra
700 _916584
_aButor
_bMichel
_f1926-2016
801 _aPT
_bBMMN
_gRPC
830 _cAna
_fAna
990 _cLIVROS